Sustained-yield forest management in Indonesia, with special emphasis to the island of Java
| Corporate Author: | |
|---|---|
| Format: | Book |
| Published: |
Jakarta :
Perum Perhutani ,
1989
|
| Subjects: |
MARC
| LEADER | 00000cam a2200000 7i4500 | ||
|---|---|---|---|
| 001 | 0000001724 | ||
| 005 | 20011107.0 | ||
| 090 | 0 | 0 | |a 634.92095982 |b PER 1989 |
| 110 | 1 | 0 | |a PERUM Perhutani |
| 245 | 1 | 0 | |a Sustained-yield forest management in Indonesia, with special emphasis to the island of Java |
| 260 | 0 | 0 | |a Jakarta : |b Perum Perhutani , |c 1989 |
| 300 | |a 22 p. : |b col. ill. ; |c 30 cm. | ||
| 650 | 0 | 0 | |a Forest management |z Indonesia |z Java |
| 998 | |a JPSM | ||
| 999 | |a 0000002661 |b Monograph |c Open Shelf |e Default branch | ||